[Event "CZE-chT2B 1011"]
[Site "Czech Republic"]
[Date "2011.01.09"]
[Round "5.2"]
[White "Simek, Petr"]
[Black "Havranek, Miroslav"]
[Result "1/2-1/2"]
[WhiteElo "2302"]
[BlackElo "2168"]
[PlyCount "123"]
[EventDate "2010.10.17"]
[EventType "team-tourn"]
[EventRounds "11"]
[EventCountry "CZE"]
[SourceTitle "EXT 2012"]
[Source "ChessBase"]
[SourceDate "2011.11.24"]
[SourceVersion "1"]
[SourceVersionDate "2011.11.24"]
[SourceQuality "1"]
[WhiteTeam "Postovni sporitelna II"]
[BlackTeam "Decin"]
[WhiteTeamCountry "CZE"]
[BlackTeamCountry "CZE"]

1. e4 c5 2. Nf3 Nc6 3. d4 cxd4 4. Nxd4 Nf6 5. Nc3 e5 6. Ndb5 d6 7. Bg5 a6 8. Na3 b5 9. Nd5 Be7 10. Bxf6 Bxf6 11. c3 0-0 12. Nc2 Bg5 13. a4 bxa4 14. Rxa4 Bb7 15. b4 Ne7 16. c4 f5 17. Bd3 Nxd5 18. exd5 g6 19. 0-0 Bf6 20. Qb1 Kh8 21. Rd1 Bg7 22. Bf1 Qb6 23. Qa2 Rab8 24. Ra5 Rfc8 25. Qa3 Bf8 26. Na1 Qc7 27. Nb3 Qf7 28. Ra4 Rc7 29. Na5 Ba8 30. Qa2 f4 31. c5 dxc5 32. d6 Bxd6 33. Qxf7 Rxf7 34. Rxd6 cxb4 35. Nc6 Bxc6 36. Rxc6 b3 37. Rc1 b2 38. Rb1 Rc7 39. Ra2 Rc2 40. f3 Rb3 41. Bd3 Rxd3 42. Raxb2 Rdd2 43. Rxc2 Rxc2 44. Ra1 Rc6 45. Ra5 Re6 46. Kf2 Kg7 47. g3 g5 48. h4 h6 49. hxg5 hxg5 50. gxf4 gxf4 51. Ke2 Kf6 52. Kf2 Rb6 53. Ke2 Rb2+ 54. Ke1 Rb6 55. Ke2 Rd6 56. Kf2 Re6 57. Ke2 Rb6 58. Kf2 Ke6 59. Ke2 Rb2+ 60. Ke1 Kf5 61. Rxa6 Kg5 62. Ra8 1/2-1/2

[Event "CZE-chT2B 1011"]
[Site "Czech Republic"]
[Date "2010.12.05"]
[Round "4.1"]
[White "Natsidis, Christoph"]
[Black "Havranek, Miroslav"]
[Result "1-0"]
[WhiteElo "2318"]
[BlackElo "2168"]
[PlyCount "109"]
[EventDate "2010.10.17"]
[EventType "team-tourn"]
[EventRounds "11"]
[EventCountry "CZE"]
[SourceTitle "EXT 2012"]
[Source "ChessBase"]
[SourceDate "2011.11.24"]
[SourceVersion "1"]
[SourceVersionDate "2011.11.24"]
[SourceQuality "1"]
[WhiteTeam "Lipa"]
[BlackTeam "Decin"]
[WhiteTeamCountry "CZE"]
[BlackTeamCountry "CZE"]

1. d4 Nf6 2. Nf3 e6 3. g3 d5 4. Bg2 c6 5. c4 Bb4+ 6. Nbd2 a5 7. 0-0 0-0 8. Qc2 Nbd7 9. e4 dxe4 10. Nxe4 Nxe4 11. Qxe4 Nf6 12. Qe2 a4 13. Bf4 Bd6 14. Ne5 Bb8 15. Rad1 Qa5 16. Rfe1 Qa6 17. Bd2 Bd6 18. Bc3 Re8 19. Qf3 Bxe5 20. dxe5 Nd7 21. Bf1 c5 22. Rd6 Qa7 23. Red1 Nf8 24. h4 Rb8 25. h5 h6 26. g4 b6 27. Qg3 Qe7 28. f4 Nh7 29. Bd3 Nf8 30. Bc2 Bb7 31. Bxa4 Red8 32. Bc2 Ba8 33. Kh2 Rxd6 34. exd6 Qb7 35. g5 Qf3 36. Qxf3 Bxf3 37. Rg1 Bxh5 38. gxh6 g6 39. Bf6 Bf3 40. Ba4 Rb7 41. Rg3 Be2 42. Re3 Bg4 43. Bc6 Ra7 44. Kg3 Bf5 45. Be7 Nd7 46. Bxd7 Rxd7 47. Ra3 Be4 48. Ra6 Kh7 49. Rxb6 Kxh6 50. Bf6 g5 51. fxg5+ Kg6 52. Kf4 Bd3 53. b3 Bf5 54. Rb8 e5+ 55. Bxe5 1-0

[Event "Tabor op"]
[Site "Tabor"]
[Date "2010.08.08"]
[Round "9"]
[White "Havranek, Miroslav"]
[Black "Riha, Martin"]
[Result "1-0"]
[WhiteElo "2165"]
[BlackElo "1989"]
[PlyCount "53"]
[EventDate "2010.08.01"]
[EventType "swiss"]
[EventRounds "9"]
[EventCountry "CZE"]
[SourceTitle "EXT 2012"]
[Source "ChessBase"]
[SourceDate "2011.11.24"]
[SourceVersion "1"]
[SourceVersionDate "2011.11.24"]
[SourceQuality "1"]

1. e4 d5 2. exd5 Qxd5 3. Nc3 Qa5 4. d4 Nf6 5. Nf3 Bg4 6. h3 Bh5 7. g4 Bg6 8. Ne5 c6 9. Nxg6 hxg6 10. Bg2 e6 11. Bd2 Qb6 12. Ne2 c5 13. c3 Nc6 14. Qa4 0-0-0 15. 0-0-0 cxd4 16. Bxc6 dxc3 17. Bxb7+ Kxb7 18. Bxc3 Rxd1+ 19. Rxd1 Qc6 20. Qb3+ Qb6 21. Qc2 Bc5 22. Qd3 Bxf2 23. Qf3+ Ka6 24. Nd4 Bh4 25. Nc2 Rc8 26. Kb1 Qc6 27. Nb4+ 1-0

[Event "Tabor op"]
[Site "Tabor"]
[Date "2010.08.04"]
[Round "5"]
[White "Havranek, Miroslav"]
[Black "Trepka, Jan"]
[Result "0-1"]
[WhiteElo "2165"]
[BlackElo "2109"]
[PlyCount "56"]
[EventDate "2010.08.01"]
[EventType "swiss"]
[EventRounds "9"]
[EventCountry "CZE"]
[SourceTitle "EXT 2012"]
[Source "ChessBase"]
[SourceDate "2011.11.24"]
[SourceVersion "1"]
[SourceVersionDate "2011.11.24"]
[SourceQuality "1"]

1. e4 c6 2. d4 d5 3. e5 Bf5 4. Be3 e6 5. Nd2 Qb6 6. Nb3 Nd7 7. Nf3 Rc8 8. a4 a6 9. a5 Qc7 10. c3 c5 11. Nxc5 Nxc5 12. dxc5 Bxc5 13. Bxc5 Qxc5 14. Nd4 Ne7 15. Qa4+ Nc6 16. Nxf5 exf5 17. Bd3 0-0 18. 0-0 g6 19. Qf4 Rfe8 20. Rfe1 Re6 21. Re3 Nxa5 22. b4 Qxc3 23. Rxa5 d4 24. Rf3 Qe1+ 25. Bf1 Rc1 26. h4 Qxf1+ 27. Kh2 Qh1+ 28. Kg3 Rg1 0-1

[Event "Tabor op"]
[Site "Tabor"]
[Date "2010.08.02"]
[Round "3"]
[White "Havranek, Miroslav"]
[Black "Loskot, Petr"]
[Result "1-0"]
[WhiteElo "2165"]
[BlackElo "2067"]
[PlyCount "93"]
[EventDate "2010.08.01"]
[EventType "swiss"]
[EventRounds "9"]
[EventCountry "CZE"]
[SourceTitle "EXT 2012"]
[Source "ChessBase"]
[SourceDate "2011.11.24"]
[SourceVersion "1"]
[SourceVersionDate "2011.11.24"]
[SourceQuality "1"]

1. e4 e6 2. Qe2 c5 3. f4 Nc6 4. Nf3 g6 5. g3 Bg7 6. Bg2 Nge7 7. d3 0-0 8. c3 d5 9. 0-0 b6 10. Rd1 Ba6 11. Qc2 Qc7 12. Be3 Rfd8 13. Na3 dxe4 14. dxe4 Rxd1+ 15. Rxd1 Rd8 16. Bf1 Bxf1 17. Kxf1 Rxd1+ 18. Qxd1 Qd8 19. Qxd8+ Nxd8 20. Nb5 Ndc6 21. Ke2 Nc8 22. e5 f6 23. exf6 Bxf6 24. Nd2 Kf7 25. Nc4 Be7 26. Kd3 a6 27. Nba3 Nd6 28. Nxd6+ Bxd6 29. Nc4 Bc7 30. Ke4 h5 31. Nd2 Ne7 32. c4 Nc6 33. Nf3 Nb4 34. a3 Nc6 35. Bd2 Ke7 36. Bc3 Bb8 37. a4 Bc7 38. Be5 Bd8 39. h3 Na5 40. Kd3 Nc6 41. g4 hxg4 42. hxg4 Nb4+ 43. Ke4 Nc6 44. g5 Na5 45. Bf6+ Ke8 46. Bxd8 Kxd8 47. Ne5 1-0

[Event "CZE-chT2B 0910"]
[Site "Czech Republic"]
[Date "2010.02.28"]
[Round "8.2"]
[White "Havranek, Miroslav"]
[Black "Hrbolka, Ladislav"]
[Result "1/2-1/2"]
[WhiteElo "2228"]
[BlackElo "2107"]
[PlyCount "49"]
[EventDate "2009.10.18"]
[EventType "team-tourn"]
[EventRounds "11"]
[EventCountry "CZE"]
[SourceTitle "EXT 2012"]
[Source "ChessBase"]
[SourceDate "2011.11.24"]
[SourceVersion "1"]
[SourceVersionDate "2011.11.24"]
[SourceQuality "1"]
[WhiteTeam "Decin"]
[BlackTeam "Litvinov Lom"]
[WhiteTeamCountry "CZE"]
[BlackTeamCountry "CZE"]

1. e4 c5 2. c4 Nc6 3. Nc3 g6 4. g3 Bg7 5. d3 d6 6. Bg2 e6 7. Nge2 Nge7 8. Rb1 0-0 9. 0-0 a6 10. a3 Nd4 11. Nxd4 cxd4 12. Ne2 f5 13. Bd2 fxe4 14. dxe4 e5 15. Nc1 Be6 16. b3 b5 17. cxb5 axb5 18. Ra1 Rf7 19. Re1 Nc6 20. Nd3 Rfa7 21. Nb4 Ne7 22. Bg5 Qf8 23. Bxe7 Rxe7 24. Qd3 Rea7 25. Nd5 1/2-1/2

[Event "Novy Bor op"]
[Site "Novy Bor"]
[Date "2010.02.20"]
[Round "9"]
[White "Havranek, Miroslav"]
[Black "Ulanowski, Karol"]
[Result "1-0"]
[WhiteElo "2228"]
[BlackElo "1802"]
[PlyCount "67"]
[EventDate "2010.02.13"]
[EventType "swiss"]
[EventRounds "9"]
[EventCountry "CZE"]
[SourceTitle "CBM 134 Extra"]
[Source "ChessBase"]
[SourceDate "2010.03.03"]
[SourceVersion "1"]
[SourceVersionDate "2010.03.03"]
[SourceQuality "1"]

1. e4 e5 2. Nf3 Nc6 3. Nc3 Nf6 4. d4 exd4 5. Nxd4 Bb4 6. Nxc6 bxc6 7. Bd3 0-0 8. 0-0 d5 9. exd5 cxd5 10. Bg5 c6 11. Qf3 Bd6 12. h3 Rb8 13. Rab1 Re8 14. Ne2 Be5 15. b3 h6 16. Bf4 Qd6 17. Bxe5 Qxe5 18. Ng3 Bd7 19. Rbe1 Qxe1 20. Rxe1 Rxe1+ 21. Kh2 Re5 22. Qf4 Rbe8 23. Qa4 Ne4 24. Qxa7 R5e7 25. Qb6 Nxg3 26. Kxg3 f5 27. a4 g5 28. Qd4 f4+ 29. Kh2 Kf7 30. a5 Re1 31. Qa7 R8e7 32. Qb8 Ra1 33. Qd6 Ke8 34. Bg6+ 1-0

[Event "Novy Bor op"]
[Site "Novy Bor"]
[Date "2010.02.19"]
[Round "8"]
[White "Navratil, Jiri1111"]
[Black "Havranek, Miroslav"]
[Result "1-0"]
[WhiteElo "1941"]
[BlackElo "2228"]
[PlyCount "143"]
[EventDate "2010.02.13"]
[EventType "swiss"]
[EventRounds "9"]
[EventCountry "CZE"]
[SourceTitle "CBM 134 Extra"]
[Source "ChessBase"]
[SourceDate "2010.03.03"]
[SourceVersion "1"]
[SourceVersionDate "2010.03.03"]
[SourceQuality "1"]

1. e4 c5 2. Nf3 Nc6 3. d4 cxd4 4. Nxd4 Nf6 5. Nc3 e5 6. Ndb5 d6 7. Bg5 a6 8. Na3 b5 9. Bxf6 gxf6 10. Nd5 f5 11. c3 Bg7 12. exf5 Bxf5 13. Nc2 Be6 14. Nce3 0-0 15. Bd3 f5 16. Bc2 Kh8 17. 0-0 Bh6 18. f4 exf4 19. Nxf4 Qb6 20. Qd2 Bc4 21. Rf2 Bxf4 22. Nxc4 bxc4 23. Qxf4 Ne5 24. Qd4 Qxd4 25. cxd4 Nc6 26. d5 Nb4 27. Bxf5 Nxd5 28. Be4 Rxf2 29. Kxf2 Rf8+ 30. Bf3 Nb4 31. b3 c3 32. a3 Nd3+ 33. Ke3 Nc5 34. Bd5 Rf5 35. Kd4 c2 36. Rc1 Rf2 37. b4 Rd2+ 38. Kc4 Nd7 39. Bb7 Ne5+ 40. Kc3 Rd3+ 41. Kxc2 Rxa3 42. Kb2 Re3 43. Bxa6 d5 44. Rc3 Re4 45. b5 Nc4+ 46. Kb3 Re2 47. Kb4 Rxg2 48. Kc5 Rg5 49. Rb3 Rh5 50. h3 Nd2 51. Rd3 Ne4+ 52. Kc6 Rh6+ 53. Kxd5 Nd6 54. Kc5 Nxb5 55. Bxb5 Rh5+ 56. Kc6 Kg7 57. Rg3+ Kf6 58. Bd3 Rh4 59. Kd5 Rh5+ 60. Kd6 Rh4 61. Rf3+ Kg7 62. Ke7 Kh6 63. Rf7 Kg5 64. Rg7+ Kf4 65. Rxh7 Rxh7+ 66. Bxh7 Kg5 67. Kf7 Kh6 68. Kg8 Kg5 69. Kg7 Kh5 70. Bf5 Kg5 71. Bg4 Kf4 72. Kg6 1-0

[Event "Novy Bor op"]
[Site "Novy Bor"]
[Date "2010.02.17"]
[Round "6"]
[White "Machan, Jan"]
[Black "Havranek, Miroslav"]
[Result "1/2-1/2"]
[WhiteElo "1710"]
[BlackElo "2228"]
[PlyCount "98"]
[EventDate "2010.02.13"]
[EventType "swiss"]
[EventRounds "9"]
[EventCountry "CZE"]
[SourceTitle "CBM 134 Extra"]
[Source "ChessBase"]
[SourceDate "2010.03.03"]
[SourceVersion "1"]
[SourceVersionDate "2010.03.03"]
[SourceQuality "1"]

1. e4 c5 2. c3 d5 3. exd5 Qxd5 4. d4 Nc6 5. Nf3 cxd4 6. cxd4 e6 7. Nc3 Bb4 8. Be2 Nf6 9. 0-0 Qa5 10. Bd2 Qd8 11. Bg5 Be7 12. Re1 0-0 13. Rc1 h6 14. Bh4 Nd5 15. Bxe7 Ncxe7 16. Ne5 Bd7 17. Bf3 Be8 18. Qb3 Nb6 19. Qd1 Rb8 20. a3 Nbd5 21. Qd2 b5 22. b4 Nxc3 23. Rxc3 Rb6 24. Rd1 Rd6 25. Be4 f5 26. Bf3 Ng6 27. Nxg6 Bxg6 28. Rc5 a6 29. Qe3 Qf6 30. Re5 Rfd8 31. g3 Bf7 32. Kg2 R8d7 33. Rc5 g5 34. Rc8+ Kg7 35. Bc6 Re7 36. f4 Bh5 37. Rd2 gxf4 38. gxf4 Kh7 39. Qe5 Qg6+ 40. Kf1 Rg7 41. Rg2 Bg4 42. Ke1 Rxc6 43. Rxc6 Qh5 44. Rc7 Qh4+ 45. Rf2 Rxc7 46. Qxc7+ Kg6 47. Qe5 Kf7 48. Qe3 Qd8 49. Kd2 Qd5 1/2-1/2

[Event "CZE-chT2B 0910"]
[Site "Czech Republic"]
[Date "2010.02.14"]
[Round "7.3"]
[White "Havranek, Miroslav"]
[Black "Svoboda, Svatopluk"]
[Result "1/2-1/2"]
[WhiteElo "2228"]
[BlackElo "2286"]
[PlyCount "96"]
[EventDate "2009.10.18"]
[EventType "team-tourn"]
[EventRounds "11"]
[EventCountry "CZE"]
[SourceTitle "EXT 2012"]
[Source "ChessBase"]
[SourceDate "2011.11.24"]
[SourceVersion "1"]
[SourceVersionDate "2011.11.24"]
[SourceQuality "1"]
[WhiteTeam "Decin"]
[BlackTeam "Pankrac II"]
[WhiteTeamCountry "CZE"]
[BlackTeamCountry "CZE"]

1. e4 e5 2. Nf3 Nc6 3. Nc3 Nf6 4. d4 exd4 5. Nxd4 Bb4 6. Nxc6 bxc6 7. Bd3 d5 8. exd5 cxd5 9. 0-0 0-0 10. Bg5 c6 11. Qf3 Be7 12. h3 h6 13. Bh4 Nd7 14. Bxe7 Qxe7 15. Rfe1 Qh4 16. b3 Nc5 17. Bf1 Ne6 18. Ne2 f5 19. Qg3 Qxg3 20. fxg3 Ng5 21. c4 dxc4 22. bxc4 Ne4 23. Kh2 Rb8 24. Nd4 Bd7 25. Nb3 Rfe8 26. Rad1 Be6 27. Re3 Bf7 28. Rd7 Rbd8 29. Rxd8 Rxd8 30. Rd3 Rb8 31. Rd7 a6 32. Bd3 Rb4 33. Nd4 Bxc4 34. Nxc6 Ra4 35. Bxc4+ Rxc4 36. Nd4 Nf6 37. Rd8+ Kf7 38. Nxf5 Rc2 39. a4 g6 40. Nxh6+ Kg7 41. Ng4 Nxg4+ 42. hxg4 Rc4 43. Rd7+ Kh6 44. a5 Rc5 45. Kh3 Kg5 46. Rd6 Rxa5 47. Rc6 Rd5 48. Rxa6 Rb5 1/2-1/2

[Event "Novy Bor op"]
[Site "Novy Bor"]
[Date "2010.02.14"]
[Round "2"]
[White "Ter Karapetian, Armen"]
[Black "Havranek, Miroslav"]
[Result "1/2-1/2"]
[WhiteElo "2063"]
[BlackElo "2228"]
[PlyCount "47"]
[EventDate "2010.02.13"]
[EventType "swiss"]
[EventRounds "9"]
[EventCountry "CZE"]
[SourceTitle "CBM 134 Extra"]
[Source "ChessBase"]
[SourceDate "2010.03.03"]
[SourceVersion "1"]
[SourceVersionDate "2010.03.03"]
[SourceQuality "1"]

1. d4 Nf6 2. c4 e6 3. Nf3 b6 4. g3 Ba6 5. b3 Bb4+ 6. Bd2 Be7 7. Bg2 c6 8. Ne5 d5 9. Bc3 0-0 10. 0-0 Nfd7 11. Nxd7 Nxd7 12. Nd2 f5 13. Bb2 Rc8 14. Rc1 Nf6 15. Re1 Bb7 16. a3 Bd6 17. b4 Ne4 18. e3 Be7 19. f3 Nxd2 20. Qxd2 Bf6 21. Qc2 b5 22. c5 Rc7 23. Rcd1 Bc8 24. Bh3 1/2-1/2

[Event "Novy Bor op"]
[Site "Novy Bor"]
[Date "2010.02.13"]
[Round "1"]
[White "Havranek, Miroslav"]
[Black "Martinec, Karel"]
[Result "1-0"]
[WhiteElo "2228"]
[BlackElo "1978"]
[PlyCount "87"]
[EventDate "2010.02.13"]
[EventType "swiss"]
[EventRounds "9"]
[EventCountry "CZE"]
[SourceTitle "CBM 134 Extra"]
[Source "ChessBase"]
[SourceDate "2010.03.03"]
[SourceVersion "1"]
[SourceVersionDate "2010.03.03"]
[SourceQuality "1"]

1. e4 c5 2. c4 e5 3. Nc3 d6 4. g3 g6 5. Bg2 Bg7 6. d3 Ne7 7. Nge2 Nbc6 8. 0-0 0-0 9. Rb1 a5 10. a3 Be6 11. Nd5 Nd4 12. Nxd4 exd4 13. b4 axb4 14. axb4 Nxd5 15. exd5 Bc8 16. bxc5 dxc5 17. Qb3 Re8 18. Qb5 Ra5 19. Qb3 Bf8 20. Bd2 Ra6 21. Rfe1 Rxe1+ 22. Rxe1 Rd6 23. Bf4 Rb6 24. Qa2 Bd7 25. h4 Qc8 26. Rb1 Ra6 27. Qb2 b6 28. Qe2 Qa8 29. d6 Bc6 30. Qf1 Qe8 31. Bxc6 Qxc6 32. Qg2 Qd7 33. Qd5 h5 34. Kg2 Kh7 35. Rb2 Kg8 36. Qe5 Qc6+ 37. Kh2 Ra1 38. Qd5 Qa4 39. Rxb6 Qd1 40. d7 Qg1+ 41. Kh3 Qf1+ 42. Qg2 Qxd3 43. d8Q Qf5+ 44. Kh2 1-0